Reglamento para la ejecución del plan de estudios decretado por S.M. en 8 de julio de 1847. (Record no. 183819)

MARC details
000 -LEADER
campo de control de longitud fija 00700nam a2200169 i 4500
001 - NÚMERO DE CONTROL
campo de control 183819
003 - IDENTIFICADOR DE NÚMERO DE CONTROL
campo de control ES-MaACL
005 - FECHA Y HORA DE LA ÚLTIMA TRANSACCIÓN
campo de control 20230906221957.0
008 - DATOS DE LONGITUD FIJA--INFORMACIÓN GENERAL
campo de control de longitud fija 141021s1847 sp |||| | spa d
080 ## - NÚMERO DE LA CLASIFICACIÓN DECIMAL UNIVERSAL
Número de la Clasificación Decimal Universal 378:351.851.85(460)"1847"(094.5)
110 1# - ENTRADA PRINCIPAL--NOMBRE DE ENTIDAD CORPORATIVA
Nombre de entidad corporativa o nombre de jurisdicción como elemento de entrada España.
Unidad subordinada Ministerio de Comercio, Instrucción y Obras Públicas.
9 (RLIN) 170703
245 10 - MENCIÓN DEL TÍTULO
Título Reglamento para la ejecución del plan de estudios decretado por S.M. en 8 de julio de 1847.
260 ## - PUBLICACIÓN, DISTRIBUCIÓN, ETC.
Lugar de publicación, distribución, etc. [S.l.] :
Nombre del editor, distribuidor, etc. [s.n.],
Fecha de publicación, distribución, etc. 1847 (
Lugar de fabricación/manufactura Madrid :
Fabricante Imp. Nacional)
300 ## - DESCRIPCIÓN FÍSICA
Extensión 86, [2] p. ;
Dimensiones 22 cm.
650 #4 - PUNTO DE ACCESO ADICIONAL DE MATERIA--TÉRMINO DE MATERIA
Término de materia o nombre geográfico como elemento de entrada Enseñanza superior-
Subdivisión geográfica España-
Subdivisión de forma Legislación.
9 (RLIN) 12319
852 ## - LOCALIZACIÓN
Ubicación ES-MaACL
Número de control de estantería T-568-F-5
Nota libre .- Sello del Ministerio de Fomento, Depósito de libros
Holdings
Estatus retirado Estado de pérdida Estado de daño No para préstamo Colección Biblioteca de origen Biblioteca actual Ubicación en estantería Fecha de adquisición Fuente de adquisición Total de préstamos Signatura topográfica completa Código de barras Visto por última vez Precio de reemplazo Tipo de ítem Koha
        Colección de folletos Biblioteca del Ateneo de Madrid Biblioteca del Ateneo de Madrid Depósito folletos 21/10/2014     T-568-F-5 1193264 23/02/2023 23/02/2023 Folleto